01719cam a2200277 a 45000010008000000030004000080050017000120080041000290100017000700200015000870350020001020400064001220420014001860500020002002450159002202460034003792500013004132600068004263000048004945050777005426500023013196500029013427000027013717000019013987000024014171638430GZU20210315155944.0971201s1997 njua b 001 0 eng d a 96080494  a0911910875 a(OCoLC)37599922 aDNLMcDNLMdIChamLdNvLCdNjPERSdWUdInVidTxFCOdWaUdDLC alccopycat04aRC81b.MER 199704aThe Merck manual of medical information /cRobert Berkow, editor-in-chief ; Mark H. Beers, associate editor ; Andrew J. Fletcher, senior assistant editor.30aManual of medical information aHome ed. aWhitehouse Station, N.J. :bMerck Research Laboratories,c1997. axxvi, 1509 p. :bill. (some col.) ;c25 cm.0 aFundamentals -- Drugs -- Heart and blood vessel disorders -- Lung and airway disorders -- Bone, joint, and muscle disorders -- Brain and nerve disorders -- Mental health disorders -- Mouth and dental disorders -- Digestive disorders -- Liver and gallbladder disorders -- Kidney and urinary tract disorders -- Disorders of nutrition and metabolism -- Hormonal disorders -- Blood disorders -- Cancer -- Immune disorders -- Infections -- Skin disorders -- Ear, nose, and throat disorders -- Eye disorders -- Men's health issues -- Women's health issues -- Children's health issues -- Accidents and injuries -- Appendixes -- 1. Legal issues -- 2. Weights and measures -- 3. Common medical tests -- 4. Some trade names of generic drugs -- 5. Resources for help and information. 0aMedicine, Popular.12aMedicinexpopular works.1 aBerkow, Robert,d1929-1 aBeers, Mark H.1 aFletcher, Andrew J.